[Event "Campeonato Panamericano de Ajedrez Sub-20 Femenino"]
[Site "Cochabamba - CEFED "La Tamborada""]
[Date "2019.08.03"]
[Round "4"]
[Board "11"]
[White "Iquise Calle, Jhosselyn"]
[Black "Montiel Caceres, Helen"]
[Result "0-1"]
[WhiteElo "1329"]
[BlackElo "1514"]
[PlyCount "33"]
[EventDate "2019.08.01"]
[EventRounds "9"]
[EventCountry "BOL"]

1. e4 c5 2. d3 g6 3. c3 Bg7 4. Nd2 e5 5. h3 Nc6 6. Ngf3 Nce7 7. g4 d6 8. Be2 b6
9. Nf1 Bb7 10. Ng3 d5 11. Qc2 Rc8 12. g5 Qd6 13. h4 f6 14. gxf6 Bxf6 15. h5 Qd8
16. hxg6 Nxg6 17. Nf5 {ilegible elegible}  0-1

[Event "Campeonato Panamericano de Ajedrez Sub-20 Femenino"]
[Site "Cochabamba - CEFED "La Tamborada""]
[Date "2019.08.03"]
[Round "4"]
[Board "12"]
[White "Bustillos, Nathalia"]
[Black "Pacheco Arteaga, Natalia"]
[Result "1-0"]
[WhiteElo "1473"]
[BlackElo "1176"]
[PlyCount "65"]
[EventDate "2019.08.01"]
[EventRounds "9"]
[EventCountry "BOL"]

1. d4 c5 2. d5 e6 3. c4 exd5 4. cxd5 d6 5. Nc3 Nf6 6. e4 Nbd7 7. f4 Be7 8. Nf3
Nb6 9. Bb5+ Bd7 10. Bxd7+ Qxd7 11. O-O O-O 12. Re1 Qd8 13. Qc2 Qc7 14. Be3 a6
15. Rad1 Rad8 16. h3 Rfe8 17. Qb3 Bf8 18. Bf2 Nfd7 19. e5 dxe5 20. fxe5 c4 21.
Qc2 Bc5 22. e6 Bxf2+ 23. Qxf2 fxe6 24. dxe6 Nc5 25. Rxd8 Rxd8 26. e7 Re8 27.
Ng5 Rxe7 28. Rf1 Re8 29. Qf3 h6 30. Nd5 Qe5 31. Qf7+ Kh8 32. Qf8+ Rxf8 33.
Rxf8#  1-0

[Event "Campeonato Panamericano de Ajedrez Sub-20 Femenino"]
[Site "Cochabamba - CEFED "La Tamborada""]
[Date "2019.08.03"]
[Round "4"]
[Board "13"]
[White "Chavez, Perla"]
[Black "Duarte Laconich, Jazmin"]
[Result "1/2-1/2"]
[WhiteElo "1571"]
[BlackElo "1429"]
[PlyCount "42"]
[EventDate "2019.08.01"]
[EventRounds "9"]
[EventCountry "BOL"]

1. e4 e5 2. Nf3 Nf6 3. Nc3 Nc6 4. Bc4 Nxe4 5. Bxf7+ Kxf7 6. Nxe4 d5 7. Neg5+
Kg8 8. d3 h6 9. Nh3 Bc5 10. Qe2 Bg4 11. Nhg1 Qe7 12. h3 Bxf3 13. Nxf3 Kh7 14.
Be3 d4 15. Bd2 Rhf8 16. Qe4+ Kg8 17. O-O-O a5 18. h4 a4 19. Kb1 a3 20. b3 Bb4
21. Qd5+ Qf7  1/2-1/2

[Event "Campeonato Panamericano de Ajedrez Sub-20 Femenino"]
[Site "Cochabamba - CEFED "La Tamborada""]
[Date "2019.08.03"]
[Round "5"]
[Board "1"]
[White "Molina, Jessica"]
[Black "Condori, Ana Paula"]
[Result "0-1"]
[WhiteElo "1811"]
[BlackElo "1751"]
[PlyCount "78"]
[EventDate "2019.08.01"]
[EventRounds "9"]
[EventCountry "BOL"]

1. d4 Nf6 2. c4 g6 3. Nc3 Bg7 4. e4 d6 5. f3 O-O 6. Be3 e5 7. d5 c6 8. Qd2 cxd5
9. cxd5 Nh5 10. g4 Nf4 11. h4 a6 12. Nge2 Nd7 13. Nxf4 exf4 14. Bxf4 Ne5 15.
Be2 b5 16. Bh6 Qf6 17. Rh3 Bxh6 18. Qxh6 Qg7 19. Qxg7+ Kxg7 20. Rg3 f6 21. Kd2
Bd7 22. Rc1 Rac8 23. f4 Nf7 24. b4 h6 25. a4 g5 26. hxg5 hxg5 27. f5 Rh8 28.
axb5 axb5 29. Ra1 Rh2 30. Ra7 Be8 31. Nd1 Rc4 32. Ra8 Kf8 33. Rb3 Ne5 34. Ke1
Rxe4 35. Nf2 Rf4 36. Nh3 Rh1+ 37. Kd2 Rd4+ 38. Ke3 Rxh3+ 39. Kxd4 Rxb3  0-1

[Event "Campeonato Panamericano de Ajedrez Sub-20 Femenino"]
[Site "Cochabamba - CEFED "La Tamborada""]
[Date "2019.08.03"]
[Round "5"]
[Board "2"]
[White "Hilario, Aleyla"]
[Black "Campos, Maria Jose"]
[Result "1-0"]
[WhiteElo "1841"]
[BlackElo "2091"]
[PlyCount "67"]
[EventDate "2019.08.01"]
[EventRounds "9"]
[EventCountry "BOL"]

1. d4 Nf6 2. c4 e6 3. Nf3 b6 4. g3 Ba6 5. b3 b5 6. Bg2 bxc4 7. Ne5 c6 8. bxc4
d5 9. O-O Nfd7 10. Nxd7 Nxd7 11. cxd5 cxd5 12. Re1 Bb4 13. Bd2 Bxd2 14. Nxd2
O-O 15. Qa4 Bb7 16. Rab1 Nb6 17. Qa5 Qd6 18. Rec1 Rfc8 19. Rc5 Bc6 20. Rbc1 h6
21. Qa6 Qd7 22. Nb3 Bb7 23. Rxc8+ Bxc8 24. Qa5 Rb8 25. Nc5 Qe7 26. e4 Nc4 27.
Qe1 Qd8 28. exd5 exd5 29. Nd3 Be6 30. Nf4 Qd6 31. Bf1 Nb6 32. Nxd5 Bxd5 33. Rc3
Rf8 34. Rd3 {ilegible}  1-0

[Event "Campeonato Panamericano de Ajedrez Sub-20 Femenino"]
[Site "Cochabamba - CEFED "La Tamborada""]
[Date "2019.08.03"]
[Round "5"]
[Board "3"]
[White "Vazquez Maccarini, Danitza"]
[Black "Rosado Perez, Maria Jose"]
[Result "1-0"]
[WhiteElo "2080"]
[BlackElo "1810"]
[PlyCount "60"]
[EventDate "2019.08.01"]
[EventRounds "9"]
[EventCountry "BOL"]

1. e4 e5 2. Nf3 Nf6 3. Nxe5 d6 4. Nf3 Nxe4 5. c3 Nf6 6. d4 d5 7. Bd3 Be7 8. h3
Nc6 9. O-O O-O 10. Re1 Re8 11. Bf4 h6 12. Nbd2 Be6 13. Nf1 Nh5 14. Bh2 Bd6 15.
Ne5 Nf6 16. Bc2 Ne7 17. Qf3 c6 18. Ne3 Qc8 19. Bg3 Bxe5 20. dxe5 Nd7 21. Qh5 f6
22. exf6 Nxf6 23. Qh4 Qd7 24. Be5 Nf5 25. Bxf5 Bxf5 26. Bxf6 gxf6 27. Qxf6 Be4
28. Qxh6 Re6 29. Qh5 Kg7 30. Ng4 Rh8  1-0

[Event "Campeonato Panamericano de Ajedrez Sub-20 Femenino"]
[Site "Cochabamba - CEFED "La Tamborada""]
[Date "2019.08.03"]
[Round "5"]
[Board "4"]
[White "Monroy G., Nataly A."]
[Black "Miller, Rachel"]
[Result "1/2-1/2"]
[WhiteElo "1921"]
[BlackElo "1941"]
[PlyCount "22"]
[EventDate "2019.08.01"]
[EventRounds "9"]
[EventCountry "BOL"]

1. d4 d5 2. c4 e6 3. Nf3 Nf6 4. g3 Be7 5. Bg2 O-O 6. O-O Nbd7 7. Nc3 dxc4 8. a4
c6 9. Nd2 a5 10. Nxc4 Nb6 11. Ne3 Nbd5 {ilegible}  1/2-1/2

[Event "Campeonato Panamericano de Ajedrez Sub-20 Femenino"]
[Site "Cochabamba - CEFED "La Tamborada""]
[Date "2019.08.03"]
[Round "5"]
[Board "5"]
[White "Salazar Gould, Melanie"]
[Black "Lara Santana, Maria"]
[Result "1/2-1/2"]
[WhiteElo "1919"]
[BlackElo "1702"]
[PlyCount "60"]
[EventDate "2019.08.01"]
[EventRounds "9"]
[EventCountry "BOL"]

1. e4 c5 2. Nf3 d6 3. d4 cxd4 4. Nxd4 Nf6 5. Nc3 a6 6. g3 g6 7. Bg2 Bg7 8. h3
Bd7 9. O-O Qc8 10. Kh2 O-O 11. Nde2 Re8 12. Bg5 Bc6 13. g4 b5 14. a3 Qb7 15.
Ng3 Nbd7 16. f4 Nc5 17. Qe2 h6 18. Bxf6 Bxf6 19. Nd1 Bh4 20. Nf2 Ne6 21. Qd2
Rad8 22. Rae1 d5 23. e5 d4 24. Bxc6 Qxc6 25. Nfe4 Bxg3+ 26. Kxg3 Nc5 27. Nxc5
Qxc5 28. Qd3 Rc8 29. Rf2 Qa7 30. Rd1 Red8  1/2-1/2

[Event "Campeonato Panamericano de Ajedrez Sub-20 Femenino"]
[Site "Cochabamba - CEFED "La Tamborada""]
[Date "2019.08.03"]
[Round "5"]
[Board "6"]
[White "Figueroa Bernal, Julia Dennis"]
[Black "Bustillos, Nathalia"]
[Result "1/2-1/2"]
[WhiteElo "1837"]
[BlackElo "1473"]
[PlyCount "54"]
[EventDate "2019.08.01"]
[EventRounds "9"]
[EventCountry "BOL"]

1. e4 c5 2. Nf3 d6 3. d4 cxd4 4. Nxd4 Nf6 5. Nc3 a6 6. h3 e5 7. Nde2 Be6 8. g4
Be7 9. Bg2 Nc6 10. Be3 Nd7 11. Ng3 O-O 12. Nf5 Nb6 13. Nd5 Nc4 14. Nfxe7+ Nxe7
15. Bc1 Nxd5 16. exd5 Bd7 17. O-O f5 18. g5 f4 19. h4 Qe7 20. b3 Nb6 21. Be4
Bf5 22. Bxf5 Rxf5 23. c4 h6 24. Qg4 g6 25. gxh6 Kh7 26. Kh2 Rh5 27. Kh3 Kxh6 {
ilegible}  1/2-1/2

[Event "Campeonato Panamericano de Ajedrez Sub-20 Femenino"]
[Site "Cochabamba - CEFED "La Tamborada""]
[Date "2019.08.03"]
[Round "5"]
[Board "7"]
[White "Montiel Caceres, Helen"]
[Black "Mamani, Anahi"]
[Result "0-1"]
[WhiteElo "1514"]
[BlackElo "1813"]
[PlyCount "120"]
[EventDate "2019.08.01"]
[EventRounds "9"]
[EventCountry "BOL"]

1. d4 Nf6 2. c4 g6 3. Nc3 Bg7 4. e4 d6 5. h3 O-O 6. Be3 e5 7. d5 Nbd7 8. g4 Re8
9. Nge2 Nb6 10. Ng3 c6 11. g5 Nfd7 12. dxc6 Nf8 13. cxb7 Bxb7 14. Nd5 Nxd5 15.
cxd5 Bc8 16. Rc1 f5 17. gxf6 Qxf6 18. Qd2 Qf7 19. Be2 Nd7 20. Bg4 Nf6 21. Bxc8
Raxc8 22. O-O Kh8 23. Qa5 h5 24. Qxa7 Qxa7 25. Bxa7 h4 26. Ne2 Nxe4 27. Be3 Kh7
28. Rc6 Rxc6 29. dxc6 Rc8 30. Rc1 d5 31. f3 Nd6 32. b3 d4 33. Bd2 d3 34. Bb4
dxe2 35. Bxd6 Rxc6 36. Re1 Rxd6 37. Rxe2 Rd3 38. Kf2 Kh6 39. Rc2 Kg5 40. Ke2
Rd7 41. Ke3 Kf5 42. Kf2 Kf4 43. Rc4+ Rd4 44. Rc2 e4 45. fxe4 Rxe4 46. Rc7 Bd4+
47. Kf1 Kg3 48. b4 Kxh3 49. Rc4 Rf4+ 50. Ke2 Kg3 51. Kd3 h3 52. Rxd4 Rxd4+ 53.
Kxd4 h2 54. a4 h1=Q 55. Kc5 Qb7 56. a5 Qa6 57. b5 Qxa5 58. Kc6 Kf4 59. b6 g5
60. b7 Qd8  0-1

[Event "Campeonato Panamericano de Ajedrez Sub-20 Femenino"]
[Site "Cochabamba - CEFED "La Tamborada""]
[Date "2019.08.03"]
[Round "5"]
[Board "8"]
[White "Loyola Torres, Maria Gracia"]
[Black "Enriquez Coronel, Gaia Paola"]
[Result "1/2-1/2"]
[WhiteElo "1688"]
[BlackElo "1615"]
[PlyCount "62"]
[EventDate "2019.08.01"]
[EventRounds "9"]
[EventCountry "BOL"]

1. e4 c5 2. c3 d5 3. exd5 Qxd5 4. Nf3 Nc6 5. d4 Bg4 6. Be2 cxd4 7. cxd4 e6 8.
Nc3 Qd7 9. Be3 Nf6 10. Ne5 Nxe5 11. dxe5 Bxe2 12. Qxe2 Nd5 13. Bd2 Be7 14. O-O
O-O 15. Rfd1 Rfe8 16. Qg4 Rad8 17. Bh6 Bf8 18. Ne4 Kh8 19. Bg5 Be7 20. Nd6 Bxd6
21. Bxd8 Bxe5 22. Bh4 Bxb2 23. Rab1 Be5 24. Bg3 Bxg3 25. Qxg3 b6 26. h4 Qa4 27.
Rd2 Rc8 28. Rbd1 h6 29. Qf3 Kg8 30. g3 Rc3 31. Qe2 Rc4  1/2-1/2

[Event "Campeonato Panamericano de Ajedrez Sub-20 Femenino"]
[Site "Cochabamba - CEFED "La Tamborada""]
[Date "2019.08.03"]
[Round "5"]
[Board "9"]
[White "Francia Arzapalo, Gianella"]
[Black "Velarde Alarcon, Jhoana"]
[Result "1-0"]
[WhiteElo "1607"]
[BlackElo "1267"]
[PlyCount "51"]
[EventDate "2019.08.01"]
[EventRounds "9"]
[EventCountry "BOL"]

1. d4 d5 2. c4 e6 3. Nc3 c6 4. cxd5 cxd5 5. Nf3 Nf6 6. Bg5 Nc6 7. e3 g6 8. Be2
Bg7 9. O-O O-O 10. Ne5 Qc7 11. Nxc6 Qxc6 12. Rc1 Qb6 13. Na4 Qb4 14. a3 Qd6 15.
Bf4 Qe7 16. Rc7 Qd8 17. Rc1 Bd7 18. Nc5 Bc6 19. b4 Qe8 20. Bd6 b6 21. Na6 Ne4
22. Bxf8 Bxf8 23. Nc7 Ba4 24. Qd3 Qb8 25. Nxa8 Bd6 26. g3 {ilegible}  1-0

[Event "Campeonato Panamericano de Ajedrez Sub-20 Femenino"]
[Site "Cochabamba - CEFED "La Tamborada""]
[Date "2019.08.03"]
[Round "5"]
[Board "10"]
[White "Sarmiento Robles, Paula"]
[Black "Arce, Valeria"]
[Result "1-0"]
[WhiteElo "1876"]
[BlackElo "1246"]
[PlyCount "48"]
[EventDate "2019.08.01"]
[EventRounds "9"]
[EventCountry "BOL"]

1. g3 d6 2. Bg2 e5 3. d3 f5 4. c4 Nf6 5. Nc3 Be7 6. e4 fxe4 7. Nxe4 O-O 8.
Nxf6+ Rxf6 9. Ne2 c6 10. Qb3 Kh8 11. O-O Nd7 12. Qc3 Nb8 13. d4 exd4 14. Nxd4
Na6 15. Be3 c5 16. Ne2 Qc7 17. Nf4 Rf8 18. Rae1 Bf6 19. Qd2 Qb6 20. Rb1 Nb8 21.
Nd5 Qd8 22. Nxf6 gxf6 23. Bf4 Bf5 24. Rbd1 Nc6  1-0

[Event "Campeonato Panamericano de Ajedrez Sub-20 Femenino"]
[Site "Cochabamba - CEFED "La Tamborada""]
[Date "2019.08.03"]
[Round "5"]
[Board "11"]
[White "Vargas D, Crystel"]
[Black "Chavez, Perla"]
[Result "1/2-1/2"]
[WhiteElo "1686"]
[BlackElo "1571"]
[PlyCount "43"]
[EventDate "2019.08.01"]
[EventRounds "9"]
[EventCountry "BOL"]

1. d4 d5 2. Nf3 e6 3. Bf4 Nf6 4. e3 Be7 5. Bd3 O-O 6. Nbd2 Nbd7 7. O-O b6 8.
Qe2 Bb7 9. Bg3 h6 10. Ne5 c5 11. Ba6 Bxa6 12. Qxa6 Qc8 13. Qxc8 Raxc8 14. Nxd7
Nxd7 15. c3 Nf6 16. h3 Bd8 17. a4 a5 18. Rfb1 Ne4 19. Nxe4 dxe4 20. Kf1 Be7 21.
Ke2 f5 22. Rd1  1/2-1/2

[Event "Campeonato Panamericano de Ajedrez Sub-20 Femenino"]
[Site "Cochabamba - CEFED "La Tamborada""]
[Date "2019.08.03"]
[Round "5"]
[Board "12"]
[White "Barros Jardi Arce, Sarai"]
[Black "Cuadros Quispe, Danae Yadira"]
[Result "0-1"]
[WhiteElo "1182"]
[BlackElo "1371"]
[PlyCount "76"]
[EventDate "2019.08.01"]
[EventRounds "9"]
[EventCountry "BOL"]

1. e4 e5 2. Nf3 Nc6 3. Bc4 Nf6 4. Nc3 Nxe4 5. Bxf7+ Kxf7 6. Nxe4 d5 7. Nc3 e4
8. Ng1 Qg5 9. g3 Bc5 10. d4 Qf6 11. dxc5 Rf8 12. Qxd5+ Be6 13. Qh5+ Kg8 14.
Nxe4 Qd4 15. Qe2 Bd5 16. f3 Rae8 17. c3 Qe5 18. Nd2 Qf6 19. Ne4 Qg6 20. Qd3
Bxe4 21. fxe4 Rxe4+ 22. Ne2 Rxe2+ 23. Kxe2 Rf2+ 24. Ke3 Rf3+ 25. Ke2 Qxd3+ 26.
Ke1 Qe4+ 27. Kd1 Rd3+ 28. Bd2 Qxh1+ 29. Ke2 Rxd2+ 30. Kxd2 Qxa1 31. Kc2 Qxa2
32. h3 Qa4+ 33. Kd3 Ne5+ 34. Kd2 Qb5 35. Kc2 Qxc5 36. Kd2 Qf2+ 37. Kc1 Nd3+ 38.
Kb1 Qxb2#  0-1

[Event "Campeonato Panamericano de Ajedrez Sub-20 Femenino"]
[Site "Cochabamba - CEFED "La Tamborada""]
[Date "2019.08.03"]
[Round "5"]
[Board "13"]
[White "Pacheco Arteaga, Natalia"]
[Black "Iquise Calle, Jhosselyn"]
[Result "1/2-1/2"]
[WhiteElo "1176"]
[BlackElo "1329"]
[PlyCount "50"]
[EventDate "2019.08.01"]
[EventRounds "9"]
[EventCountry "BOL"]

1. e4 e5 2. Nf3 d6 3. d4 Bg4 4. dxe5 Bxf3 5. Qxf3 dxe5 6. Bc4 Qf6 7. Qb3 b6 8.
O-O Bd6 9. Qg3 h6 10. Nc3 c6 11. a3 Ne7 12. Rd1 Ng6 13. Qg4 O-O 14. Rd3 Ne7 15.
Ba2 Na6 16. b4 Rad8 17. Bb2 Nc7 18. Rad1 a5 19. Ne2 axb4 20. axb4 Ng6 21. Qf5
Bxb4 22. Rxd8 Rxd8 23. Rxd8+ Qxd8 24. Qxf7+ Kh7 25. Ng3 Nf4  1/2-1/2

[Event "Campeonato Panamericano de Ajedrez Sub-20 Femenino"]
[Site "Cochabamba - CEFED "La Tamborada""]
[Date "2019.08.04"]
[Round "6"]
[Board "1"]
[White "Condori, Ana Paula"]
[Black "Hilario, Aleyla"]
[Result "0-1"]
[WhiteElo "1751"]
[BlackElo "1841"]
[PlyCount "112"]
[EventDate "2019.08.01"]
[EventRounds "9"]
[EventCountry "BOL"]

1. e4 e6 2. d4 d5 3. Nc3 Nf6 4. e5 Nfd7 5. f4 c5 6. Nf3 Nc6 7. Be3 a6 8. Qd2
Be7 9. Be2 O-O 10. O-O b5 11. a4 b4 12. Nd1 cxd4 13. Nxd4 Nxd4 14. Bxd4 a5 15.
Rf3 f5 16. Rh3 Nc5 17. Qe3 Ne4 18. Nf2 Qc7 19. Nxe4 dxe4 20. g4 Ba6 21. Bxa6
Rxa6 22. g5 Rd8 23. c3 Rc6 24. Qe2 Bc5 25. Bxc5 Rxc5 26. Rc1 g6 27. Re3 Qc6 28.
Qf2 Rcd5 29. Rc2 b3 30. Rc1 Qxa4 31. c4 Rd3 32. Rxd3 exd3 33. Qb6 Qd7 34. Rd1
Kf7 35. Qxb3 Qd4+ 36. Kh1 Qe4+ 37. Kg1 Qe3+ 38. Kg2 Qe2+ 39. Kg1 Qg4+ 40. Kh1
Qxf4 41. Qb7+ Kg8 42. c5 d2 43. Qb3 Qxe5 44. Qc4 Rd4 45. Qf1 Qxc5 46. Qe2 Qd5+
47. Qg2 e5 48. Qxd5+ Rxd5 49. Kg2 e4 50. Kg3 e3 51. Kf3 f4 52. h4 Rc5 53. Ke2
Rc1 54. b3 Rxd1 55. Kxd1 f3 56. h5 f2  0-1

[Event "Campeonato Panamericano de Ajedrez Sub-20 Femenino"]
[Site "Cochabamba - CEFED "La Tamborada""]
[Date "2019.08.04"]
[Round "6"]
[Board "2"]
[White "Molina, Jessica"]
[Black "Vazquez Maccarini, Danitza"]
[Result "0-1"]
[WhiteElo "1811"]
[BlackElo "2080"]
[PlyCount "84"]
[EventDate "2019.08.01"]
[EventRounds "9"]
[EventCountry "BOL"]

1. d4 Nf6 2. c4 c5 3. d5 e6 4. Nc3 exd5 5. cxd5 d6 6. e4 g6 7. f3 Bg7 8. Nge2
O-O 9. Ng3 a6 10. a4 Re8 11. Be2 Nbd7 12. O-O Nf8 13. Bg5 h6 14. Be3 h5 15. Qd2
Bd7 16. Bh6 Rb8 17. Bxg7 Kxg7 18. a5 Qc8 19. Bc4 b5 20. axb6 Rxb6 21. b3 Bb5
22. Qg5 N8h7 23. Qd2 Qd7 24. Na4 Rb7 25. Nc3 Reb8 26. Qd3 Qe7 27. Ra5 Bxc4 28.
bxc4 Rb6 29. Rfa1 Qb7 30. e5 dxe5 31. Rxc5 Rb3 32. Rc6 a5 33. Nge4 Nxe4 34.
Qxe4 Qe7 35. Nb5 Nf6 36. Qe1 Nxd5 37. Rxa5 Nf4 38. Nc3 Rxc3 39. Rxe5 Qa3 40.
Rd6 Qxd6 41. Qxc3 Qf6 42. Qe3 Nd3  0-1

[Event "Campeonato Panamericano de Ajedrez Sub-20 Femenino"]
[Site "Cochabamba - CEFED "La Tamborada""]
[Date "2019.08.04"]
[Round "6"]
[Board "3"]
[White "Miller, Rachel"]
[Black "Salazar Gould, Melanie"]
[Result "1-0"]
[WhiteElo "1941"]
[BlackElo "1919"]
[PlyCount "85"]
[EventDate "2019.08.01"]
[EventRounds "9"]
[EventCountry "BOL"]

1. e4 e6 2. d4 b6 3. Bd3 Bb7 4. Nf3 Nf6 5. Qe2 c5 6. c3 Be7 7. O-O Nc6 8. a3
Na5 9. Nbd2 c4 10. Bc2 Qc7 11. Re1 h6 12. Nf1 O-O-O 13. Ne5 Rhf8 14. Nd2 d5 15.
exd5 Bxd5 16. Rb1 Nd7 17. Nxd7 Rxd7 18. Ba4 Bc6 19. Bxc6 Qxc6 20. Nf3 Rc7 21.
Bf4 Bd6 22. d5 exd5 23. Nd4 Qd7 24. Bxd6 Qxd6 25. Nb5 Qd7 26. Nxc7 Kxc7 27.
Qe5+ Kb7 28. Qxg7 Qd6 29. Qe5 Qxe5 30. Rxe5 Kc6 31. Rd1 Rd8 32. Rf5 Nb3 33.
Rxf7 Nc5 34. Rf6+ Rd6 35. Rxd6+ Kxd6 36. g3 Nd3 37. Rd2 Ke5 38. Re2+ Kd6 39. f4
h5 40. f5 Ne5 41. f6 Ng6 42. f7 Kd7 43. Re8  1-0

[Event "Campeonato Panamericano de Ajedrez Sub-20 Femenino"]
[Site "Cochabamba - CEFED "La Tamborada""]
[Date "2019.08.04"]
[Round "6"]
[Board "4"]
[White "Lara Santana, Maria"]
[Black "Monroy G., Nataly A."]
[Result "1/2-1/2"]
[WhiteElo "1702"]
[BlackElo "1921"]
[PlyCount "55"]
[EventDate "2019.08.01"]
[EventRounds "9"]
[EventCountry "BOL"]

1. e4 c5 2. Nf3 Nc6 3. Bb5 e6 4. Bxc6 bxc6 5. d3 d5 6. Nbd2 Ne7 7. b3 Ng6 8.
Bb2 f6 9. a4 e5 10. g3 Be7 11. a5 Nf8 12. Nh4 Qc7 13. Qe2 Be6 14. O-O-O O-O-O
15. Rdf1 Bd6 16. Qe3 Qxa5 17. Kb1 c4 18. dxc4 Bc5 19. Qe2 d4 20. f4 Nd7 21. f5
Bf7 22. Ng2 Bb4 23. Rd1 Nc5 24. Nf3 Bc3 25. Nfe1 Bxb2 26. Kxb2 Na4+ 27. bxa4
Qc3+ 28. Kb1  1/2-1/2

[Event "Campeonato Panamericano de Ajedrez Sub-20 Femenino"]
[Site "Cochabamba - CEFED "La Tamborada""]
[Date "2019.08.04"]
[Round "6"]
[Board "5"]
[White "Campos, Maria Jose"]
[Black "Francia Arzapalo, Gianella"]
[Result "1-0"]
[WhiteElo "2091"]
[BlackElo "1607"]
[PlyCount "101"]
[EventDate "2019.08.01"]
[EventRounds "9"]
[EventCountry "BOL"]

1. c4 Nf6 2. g3 e6 3. Bg2 d5 4. Nf3 d4 5. O-O c5 6. e3 Nc6 7. exd4 cxd4 8. Re1
Bc5 9. b3 O-O 10. Ne5 Nxe5 11. Rxe5 Bd6 12. Re1 Rb8 13. d3 Re8 14. Qc2 b6 15.
Nd2 Bb7 16. Nf3 e5 17. Bb2 Qc7 18. Re2 Re7 19. Rae1 Rbe8 20. a3 a5 21. Qd2 b5
22. Nh4 Bxg2 23. Kxg2 Re6 24. Kg1 Nd7 25. Nf5 bxc4 26. dxc4 Nc5 27. b4 Nb3 28.
Qd3 a4 29. c5 Bf8 30. g4 Qc6 31. Ng3 Qd5 32. Ne4 Rg6 33. Qf3 Qd7 34. Ng3 d3 35.
Rxe5 Rxe5 36. Bxe5 d2 37. Rd1 Qxg4 38. Kg2 Qc4 39. Bc3 Rg4 40. Bxd2 Nxd2 41.
Rxd2 h5 42. h3 Rg6 43. Qxh5 Rh6 44. Qg4 Qc3 45. Rd8 Qf6 46. Qc8 Qe7 47. Re8 Qg5
48. Rxf8+ Kh7 49. Rh8+ Kg6 50. Qc6+ f6 51. Qe8#  1-0

[Event "Campeonato Panamericano de Ajedrez Sub-20 Femenino"]
[Site "Cochabamba - CEFED "La Tamborada""]
[Date "2019.08.04"]
[Round "6"]
[Board "6"]
[White "Rosado Perez, Maria Jose"]
[Black "Mamani, Anahi"]
[Result "1-0"]
[WhiteElo "1810"]
[BlackElo "1813"]
[PlyCount "124"]
[EventDate "2019.08.01"]
[EventRounds "9"]
[EventCountry "BOL"]

1. e4 c5 2. Nf3 Nc6 3. d4 cxd4 4. Nxd4 Nf6 5. Nc3 g6 6. Be3 Bg7 7. Nxc6 bxc6 8.
e5 Ng8 9. f4 f6 10. Bd4 Qa5 11. Qe2 fxe5 12. fxe5 Nh6 13. g4 O-O 14. O-O-O Nf7
15. e6 dxe6 16. Bxg7 Kxg7 17. Bg2 Rb8 18. Qe4 Rb4 19. Qe2 Ne5 20. Nd5 exd5 21.
Qxe5+ Kg8 22. Rxd5 Qxa2 23. Ra5 Ra4 24. Rc5 Rf2 25. b3 Qa3+ 26. Kb1 Qa2+ 27.
Kc1 Qa1+ 28. Qxa1 Rxa1+ 29. Kb2 Rxh1 30. Bxh1 Rxh2 31. Bf3 Rf2 32. Rxc6 Bb7 33.
Bd5+ Kg7 34. Rc5 Bxd5 35. Rxd5 e6 36. Re5 Kf6 37. Ra5 g5 38. Rxa7 h6 39. Ra4
Rf4 40. Kc3 Ke5 41. Kd3 Rf3+ 42. Ke2 Rc3 43. Kd2 Rc5 44. Kd3 Rd5+ 45. Ke3 Rd8
46. Re4+ Kf6 47. b4 Rc8 48. c4 e5 49. c5 Ke6 50. Rc4 Kd5 51. Kd3 Rf8 52. Rc1
Kc6 53. Rh1 Rf6 54. Ke4 Rf4+ 55. Kxe5 Rxb4 56. Rxh6+ Kxc5 57. Kf5 Kd5 58. Kxg5
Ke4 59. Rf6 Ke5 60. Rf1 Ke6 61. Kh5 Rb2 62. Kg6 Rg2  1-0

[Event "Campeonato Panamericano de Ajedrez Sub-20 Femenino"]
[Site "Cochabamba - CEFED "La Tamborada""]
[Date "2019.08.04"]
[Round "6"]
[Board "7"]
[White "Enriquez Coronel, Gaia Paola"]
[Black "Sarmiento Robles, Paula"]
[Result "0-1"]
[WhiteElo "1615"]
[BlackElo "1876"]
[PlyCount "67"]
[EventDate "2019.08.01"]
[EventRounds "9"]
[EventCountry "BOL"]

1. e4 e6 2. d4 d5 3. Nd2 c5 4. exd5 Qxd5 5. dxc5 Bxc5 6. Qg4 Nf6 7. Qf3 Nc6 8.
Bc4 Qe5+ 9. Qe2 Ng4 10. Nh3 Nd4 11. Qxe5 Nxe5 12. Bb3 a5 13. a4 Bd7 14. Ne4
Nxb3 15. cxb3 Bb4+ 16. Nc3 Nd3+ 17. Ke2 Nc5 18. Ra2 Nxb3 19. Ne4 Bc6 20. f3 Bd5
21. Be3 Nc1+ 22. Rxc1 Bxa2 23. Rc7 O-O 24. Rxb7 Rfb8 25. Rd7 Rd8 26. Rb7 Bd5
27. Rc7 Rac8 28. Rxc8 Rxc8 29. Kd3 Bc4+ 30. Kc2 Bf1+ 31. Kb3 Bxg2 32. Ng1 Bf1
33. Bd2 Bc4+ 34. Kc2  0-1

[Event "Campeonato Panamericano de Ajedrez Sub-20 Femenino"]
[Site "Cochabamba - CEFED "La Tamborada""]
[Date "2019.08.04"]
[Round "6"]
[Board "8"]
[White "Loyola Torres, Maria Gracia"]
[Black "Figueroa Bernal, Julia Dennis"]
[Result "0-1"]
[WhiteElo "1688"]
[BlackElo "1837"]
[PlyCount "101"]
[EventDate "2019.08.01"]
[EventRounds "9"]
[EventCountry "BOL"]

1. e4 c6 2. d4 d5 3. Nc3 dxe4 4. Nxe4 Nf6 5. Ng3 h5 6. h4 e5 7. Nf3 exd4 8.
Qxd4 Qxd4 9. Nxd4 Bc5 10. Nb3 Bd6 11. Ne2 O-O 12. Bd2 Nbd7 13. f3 Bc7 14. O-O-O
a5 15. Nbd4 Nb6 16. Bf4 Bxf4+ 17. Nxf4 Nbd5 18. Nxd5 Nxd5 19. Re1 Bd7 20. c4
Nb4 21. a3 Na6 22. Re7 Rad8 23. Re5 Rfe8 24. Rxe8+ Bxe8 25. Nf5 g6 26. Ng3 f5
27. Be2 Nc5 28. Kc2 Ne6 29. Re1 c5 30. Bf1 Kf7 31. Kc3 Rd4 32. Ne2 Rxh4 33. Rd1
Ke7 34. b4 b5 35. bxa5 Rxc4+ 36. Kb3 Ra4 37. Nc3 Nd4+ 38. Kb2 Rxa5 39. Nd5+ Kd6
40. Nf6 Bf7 41. g4 Ke6 42. g5 Nxf3 43. Nd7 b4 44. Bc4+ Ke7 45. Nb8 bxa3+ 46.
Kc3 Ne5 47. Re1 Kd6 48. Bxf7 a2 49. Ra1 Ra8 50. Bxg6 Rxb8 51. Rxa2 {Ilegible}
 0-1

[Event "Campeonato Panamericano de Ajedrez Sub-20 Femenino"]
[Site "Cochabamba - CEFED "La Tamborada""]
[Date "2019.08.04"]
[Round "6"]
[Board "9"]
[White "Bustillos, Nathalia"]
[Black "Vargas D, Crystel"]
[Result "1-0"]
[WhiteElo "1473"]
[BlackElo "1686"]
[PlyCount "81"]
[EventDate "2019.08.01"]
[EventRounds "9"]
[EventCountry "BOL"]

1. d4 d5 2. c4 e6 3. Nc3 c6 4. Nf3 Nf6 5. e3 Bd6 6. Bd3 O-O 7. O-O Nbd7 8. Re1
Re8 9. e4 dxe4 10. Nxe4 Nxe4 11. Bxe4 h6 12. Bc2 Qc7 13. Qd3 Nf8 14. Ne5 Rd8
15. Qf3 f5 16. Qg3 Bxe5 17. dxe5 Rd4 18. f3 Kh8 19. b3 c5 20. Be3 Rd7 21. Rad1
b6 22. h4 Bb7 23. Rxd7 Nxd7 24. Rd1 Rd8 25. Rd6 Nf8 26. h5 Rxd6 27. exd6 Qd8
28. Qe5 Kg8 29. Qg3 Kf7 30. Bf4 Qf6 31. Be5 Qg5 32. Qxg5 hxg5 33. Kf2 Nd7 34.
Bc3 Nf6 35. g4 fxg4 36. Bg6+ Kf8 37. Bxf6 g3+ 38. Kxg3 gxf6 39. d7 Ke7 40. h6
Kxd7 41. h7  1-0